Math and literature : (K-3)
Αποθηκεύτηκε σε:
| Κύριος συγγραφέας: | |
|---|---|
| Άλλοι συγγραφείς: | |
| Μορφή: | Βιβλίο |
| Γλώσσα: | English |
| Δημοσίευση: |
Sausalito :
Math Solutions,
1999
|
| Θέματα: | |
| Ετικέτες: |
Προσθήκη ετικέτας
Δεν υπάρχουν, Καταχωρήστε ετικέτα πρώτοι!
|
MARC
| LEADER | 00000cam a2200000 i 4500 | ||
|---|---|---|---|
| 001 | 1/25228 | ||
| 008 | 020620s1999 eng d | ||
| 020 | |a 0-941355-07-1 (v.1) | ||
| 020 | |a 0-941355-11-X (v.2) | ||
| 035 | |l 10068027 | ||
| 040 | |a GR-MY-UA |b gre |e aacr | ||
| 041 | 0 | |a eng | |
| 082 | 0 | |a 372.7044 | |
| 100 | 1 | |a Burns, Marilyn. | |
| 245 | 1 | 0 | |a Math and literature : |b (K-3) / |c Marilyn Burns, Stephanie Sheffield |
| 260 | |a Sausalito : |b Math Solutions, |c 1999 | ||
| 300 | |a 2 v. | ||
| 650 | 0 | 0 | |a Mathematics |x Study and teaching (Elementary) |
| 650 | 0 | 0 | |a Children's literature in mathematics education. |
| 700 | 1 | |a Sheffield, Stephanie. | |
| 852 | |a INST |b RHODES |e 20020620 |h 372.7044 BUR |p 005400016404 |q 005400016404 |t BK |y 0 |z v.2 | ||
| 852 | |a INST |b RHODES |e 20020620 |h 372.7044 BUR |p 005400016405 |q 005400016405 |t BK |y 0 |z v.1 | ||
| 852 | |a INST |b RHODES |e 20020620 |h 372.7044 BUR |p 005400016404 |q 005400016404 |t BK |v v.2: |y 0 |z v.2 | ||
| 852 | |a INST |b RHODES |e 20020620 |h 372.7044 BUR |p 005400016405 |q 005400016405 |t BK |v v.1: |y 0 |z v.1 | ||
| 853 | |a INST |b RHODES |h 372.7044 BUR | ||
| 901 | |a BIBL4-2002-2 | ||
| 909 | |a Ρ |b 101258 | ||
| 909 | |a Ρ |b 101259 | ||
| 970 | |a ΚΟΥΛΑΚΙΟΤΗ |b ΛΙΤΣΑ |z 2002/06/20 | ||